| 000 | 00786nam a2200241 i 4500 | ||
|---|---|---|---|
| 003 | DO-SdBNP | ||
| 005 | 20241206103827.0 | ||
| 007 | ta | ||
| 008 | 230627b1976 dr ac||| |||| 00| 0 spa d | ||
| 040 |
_aDO-SdBNP _bspa _cBNPHU _erda |
||
| 082 | 4 |
_a317.293 _bR426r _222 |
|
| 110 |
_aNaciones Unidas. _bComisión Economica para América Latina y el Caribe _93086 |
||
| 245 | 1 | 0 | _aRepública Dominicana en cifras 1975 |
| 264 |
_aSanto Domingo : _bOficina Nacional de Estadística,, _c1976. |
||
| 300 |
_a171 páginas : _bilustraciones ; _c20 cm. |
||
| 336 |
_2rdacontent _atexto _btxt |
||
| 337 |
_2rdamedia _asin mediacióm _bn |
||
| 338 |
_2rdacarrier _avolumen _bnc |
||
| 590 | _aInventariado, 2023/DG | ||
| 651 | 4 |
_aRepública Dominicana _xEstadísticas |
|
| 910 | _aDG | ||
| 942 |
_2ddc _cLBS1 |
||
| 999 |
_c54005 _d54005 |
||